| 000 | 00584nam a22001817a 4500 | ||
|---|---|---|---|
| 005 | 20150601105252.0 | ||
| 010 | _aENG-112830 | ||
| 020 |
_c600.00 _a9789380599625 |
||
| 035 | _aEN-96362 | ||
| 037 | _bDBAD/PUB | ||
| 082 | _a000 | ||
| 245 |
_aSmart guide to JECA mathematics & aptitude : _ba complete book for West Bengal MCA entrance test |
||
| 250 | _a3rd ed. | ||
| 260 |
_aKolkata _bAcademic Publishers _c2012 |
||
| 270 |
_a5A Bhawani Dutta Lane, _bKolkata _e700073 _mwww.acabooks.net |
||
| 300 |
_avii, 906 p. : _c25cm(pbk) _bill. |
||
| 942 |
_2ddc _cEN _mSMA _h000 |
||
| 999 |
_c93018 _d93018 |
||